Normal view
MARC view
- Markopoulos, Angelos P.
Entry Personal Name
001 - CONTROL NUMBER
- control field: 98314
003 - CONTROL NUMBER IDENTIFIER
- control field: NUST
005 - DATE AND TIME OF LATEST TRANSACTION
- control field: 20220822134417.0
008 - FIXED-LENGTH DATA ELEMENTS
- fixed length control field: 220822|| aca||aabn | a|a d
040 ## - CATALOGING SOURCE
- Original cataloging agency: NUST
- Transcribing agency: NUST
100 ## - HEADING--PERSONAL NAME
- Personal name: Markopoulos, Angelos P.
- Dates associated with a name: Davim, J. Paulo
670 ## - SOURCE DATA FOUND
- Source citation: Work cat.: (NUST): Markopoulos, Angelos P. Davim, J. Paulo, Advanced Machining Processes, 2019.
